| LEADER 00000nam 2200000uu 4500 |
| 001 13399110121 |
| 003 BCNR |
| 008 110201s2551||||th 000 0 tha d |
| 020 9789740697336
|
| 060 04 WH700^bพ218 2551
|
| 245 00 พยาธิวิทยาต่อมน้ำเหลือง =^bPathology of the lymph node /^cโดยภาควิชาพยาธิวิทยา คณะแพทยศาสตร์ จุฬาลงกรณ์มหาวิทยาลัย; บรรณาธิการ, พงษ์ศักดิ์ วรรณไกรโรจน์
|
| 246 31 Pathology of the lymph node
|
| 250 พิมพ์ครั้งที่ 1
|
| 260 กรุงเทพฯ :^bภาควิชาพยาธิวิทยา คณะแพทยศาสตร์จุฬาลงกรณ์มหาวิทยาลัย,^c2551
|
| 300 0288 หน้า :^bภาพประกอบสี ;^c29 ซม
|
| 650 2 Lymph nodes^xPathology
|
| 650 7 ต่อมน้ำเหลือง^xพยาธิวิทยา
|
| 700 0 พงษ์ศักดิ์ วรรณไกรโรจน์,^eบรรณาธิการ
|
| 710 2 จุฬาลงกรณ์มหาวิทยาลัย. ^bคณะแพทยศาสตร์.^bภาควิชาพยาธิวิทยา
|
| 999 ^aบรรณารักษ์
|